Geografia polski największe/najmniejsze - Statystyki

Ogólne statystyki
  • Ten quiz został rozwiązany 186 razy
    183 od ostatniego zresetowania
  • Średni wynik to 14 z 15
Statystyki odpowiedzi
Hint Odpowiedź % Poprawnych
1 największa rzeka w PL Wisła
99%
1 Największe miasto w PL Warszawa
98%
2 największe miasto PL Kraków
97%
2 największa rzeka w PL Odra
97%
Największe państwo graniczące z polską Rosja
95%
Największy szczyt w Polsce Rysy
95%
Największe województwo Mazowieckie
94%
3 największa rzeka w PL Warta
92%
Najmniejsze państwo graniczące z polską Litwa
91%
3 Największe miasto PL Łódź
90%
Najmniejsze województwo województwo Opolskie
90%
Największe jezioro w PL Śniardwy
90%
Morze z którym polska graniczy Morze bałtyckie
84%
2 największe jezioro w PL Mamry
73%
Najgłębsze jezioro w PL Hańcza
70%
Nie znaleziono quizów pasujących do podanych kryteriów
Rozkład punktacji
Procent ludzi z każdym wynikiem
Percentyl według liczby udzielonych odpowiedzi
Twoja historia wyników
Nie rozwiązałeś tego quizu od ostatniego zresetowania